PRACTICAL MANUAL OF PHARMACEUTICAL CHEMISTRY - II (Record no. 5916)

MARC details
000 -LEADER
fixed length control field 00498nam a22001817a 4500
005 - DATE AND TIME OF LATEST TRANSACTION
control field 20240109135710.0
008 - FIXED-LENGTH DATA ELEMENTS--GENERAL INFORMATION
fixed length control field 190603b xxu||||| |||| 00| 0 eng d
020 ## - INTERNATIONAL STANDARD BOOK NUMBER
ISBN 978-93-86700-14-8
041 ## - LANGUAGE CODE
Language code of text/sound track or separate title eng
082 ## - DEWEY DECIMAL CLASSIFICATION NUMBER
Classification number 615.19
100 ## - MAIN ENTRY--AUTHOR NAME
Personal name GUPTA, Dr. G.D , SHARMA Dr. SHAILESH AND SINGH, SATVIR
245 ## - TITLE STATEMENT
Title PRACTICAL MANUAL OF PHARMACEUTICAL CHEMISTRY - II
250 ## - EDITION STATEMENT
Edition statement 3rd Ed. 2019
260 ## - PUBLICATION, DISTRIBUTION, ETC. (IMPRINT)
Place of publication PUNE
Name of publisher NIRALI PRAKASHAN
300 ## - PHYSICAL DESCRIPTION
Number of Pages 68p,
650 ## - SUBJECT ADDED ENTRY--TOPICAL TERM
Topical Term PHARMACY
General subdivision B.PHARMA
942 ## - ADDED ENTRY ELEMENTS (KOHA)
Koha item type Books
Holdings
Lost status Damaged status Collection code Home library Current library Shelving location Date acquired Source of acquisition Cost, normal purchase price Full call number Accession Number Koha item type
    Reference JRU Library JRU Library SHELF-5-B 03/06/2019 PURCHESS 65.00 615.19 22899 Books
    PHARMACY JRU Library JRU Library Shelf - 27- I 03/06/2019 PURCHESS 65.00 615.19 22900 Books
    PHARMACY JRU Library JRU Library Shelf - 27- I 03/06/2019 PURCHESS 65.00 615.19 22901 Books
    PHARMACY JRU Library JRU Library Shelf - 27- I 10/02/2022 PURCHASE 75.00 615.19 26308 Books
    PHARMACY JRU Library JRU Library Shelf - 27- I 10/02/2022 PURCHASE 75.00 615.19 26309 Books
    PHARMACY JRU Library JRU Library Shelf - 27- I 10/02/2022 PURCHASE 75.00 615.19 26310 Books
    PHARMACY JRU Library JRU Library Shelf - 27- I 10/02/2022 PURCHASE 75.00 615.19 26311 Books
    PHARMACY JRU Library JRU Library Shelf - 27- I 10/02/2022 PURCHASE 75.00 615.19 26312 Books